000 01310nam a2200325 i 4500
001 181036
003 ES-MaACL
005 20250603164556.0
008 121005s2011 sp a | |||||||| | spa d
020 _a978-84-96800-42-7
080 _a94(460)"1868/74"
080 _a94(460.288)"18"
080 _a324(460.288)"18"
080 _a352(460.288)"18"
100 1 _aJerez Colino, José.
_9151554
245 1 3 _aEl sexenio democrático en Albacete :
_bjuntas y procesos electorales (1868-1873) /
_cJosé Jerez Colino.
260 _aAlbacete :
_bInstituto de Estudios Albacetenses "Don Juan Manuel" de la Excma. Diputación de Albacete,
_c2011.
300 _a459 p. :
_bil., plano ;
_c24 cm.
490 1 _aSerie I-Estudios ;
_vn. 191
504 _aBibliografía: p. 443-459.
650 4 _aElecciones-
_zAlbacete (Provincia)-
_vHistoria.
_9151555
650 4 _aAdministración municipal-
_zAlbacete (Provincia)-
_vHistoria.
_9151556
651 4 _aEspaña-
_xHistoria-
_y1868-1874, Sexenio revolucionario
_98260
651 4 _aAlbacete (Provincia)-
_xHistoria-
_yS.XIX.
_9151557
830 0 _aSerie I-Estudios ;
_vn. 191
_9179228
852 _aES-MaACL
_jA-12250
_9187919
_bR.146650
_cDEPO1
_dOlim: N-5255
942 _2udc
_cMONOGRAFIA
999 _c181036
_d181036